=LDR 00000nam 2200000 4500 =001 INLIS000000000024246 =005 20130612122839 =008 ***********************************Ind** =035 ##$$0010-061300000024246 =041 ##$$a Ind =082 ##$$a 028.5 =090 ##$$a 028.5, Mua d =100 ##$$a Muakhir, Ali =245 ##$$a Diceburkan kedalam sumur, Ali Muakhir =260 ##$$a 2002 $b Bndung =300 ##$$a 15 hlm, ilus6c18 cm =650 ##$$a Bacaan anak-anak =850 ##$$a NBPNMAT